Joueur passer par le PSG et l’OM - Statistiques

Statistiques générales
  • Ce quiz a été pris 123 fois
  • Le résultat moyen est 11 sur 16
Answers on the Grid
Answers color-coded by a green-red scale on the quiz's grid according to % correct below.
Marco Verratti
David Beckham
Adrien Rabiot
Didier Drogba
Dimitri Payet
George Weah
Laurent Leroy
Gabriel Heinze
Hatem Ben Arfa
Neymar
Pedro Miguel Pauleta
Claude Makélélé
Ronaldinho
Fabrice Fiorèse
Jérôme Alonzo
Javier Pastore
Peter Luccin
Jean-Pierre Papin
Lorik Cana
Safet Sušić
Kylian Mbappé
Lassana Diarra
Chris Waddle
Steve Mandanda
Timothy Weah
Daniel Bravo
Jean Djorkaeff
Samir Nasri
Florian Maurice
Stéphane Dalmat
 
Statistiques - réponses
Réponse % Correct
Adrien Rabiot
99%
Gabriel Heinze
76%
Hatem Ben Arfa
76%
George Weah
75%
Lassana Diarra
75%
Timothy Weah
70%
Fabrice Fiorèse
64%
Jérôme Alonzo
63%
Lorik Cana
63%
Florian Maurice
61%
Laurent Leroy
60%
Claude Makélélé
58%
Peter Luccin
58%
Daniel Bravo
56%
Stéphane Dalmat
55%
Jean Djorkaeff
52%
Aucun quiz correspondant
Distribution des résultats
% des personnes avec chaque résultat
Percentile par nombre de réponses
Votre historique - résultats
Vous n’avez pas pris ce quiz